El dragón en América Latina: las relaciones económico-comerciales y los riesgos para la región /

Збережено в:
Бібліографічні деталі
Автор: Nacht, Pablo Alejandro
Формат: Текст
Теги: Додати тег
Немає тегів, Будьте першим, хто поставить тег для цього запису!

MARC

LEADER 00000 a a2200000 04500
001 46491
003
040
100 |a Nacht, Pablo Alejandro  
245 |a El dragón en América Latina:   |b las relaciones económico-comerciales y los riesgos para la región /  |c Pablo Alejandro Nacht  
773 |g volumen17, número45 (2013), páginas 141-154: tabla, gráfico  
999 |c 24179  |d 24179